000 00653nam a2200229 i 4500
001 C2-0231372
003 PPAK
005 20180728084456.0
008 001119s1970 ii |||| ||||| | eng d
040 _aPPAK
_beng
_cPPAK
_erda
082 0 4 _a380.1076
_223
090 0 0 _a380.1076
_bMKA
_dKSI
100 0 _aM. Kahdir Shaeik Ali,
_eauthor
245 1 0 _aModel questions and answers in commerce
264 1 _aMadras :
_bM.K.S. Hajara Traders ,
_c1970
300 _a188 pages ;
_c17 cm
336 _2rdacontent
_atext
337 _2rdamedia
_aunmediated
338 _2rdacarrier
_avolume
650 1 0 _aCommere-Problems, exercises,etc.
942 _ddc
_cB
999 _c150775
_d150775